000 00214 a2200097 4500
001 30906
100 _aBilgrawi
245 _aRooshni ka Minar
260 _aKarachi
_bKitabiat publication
_c
090 _c20801
_d20801
942 _aNUST-CAE
_cM
_c12005
999 _c265979
_d265979